| 000 | 00606nam a2200181 i 4500 | ||
|---|---|---|---|
| 001 | 30480 | ||
| 003 | ES-MaACL | ||
| 005 | 20250902041226.0 | ||
| 007 | t| | ||
| 008 | 030124s1968 sp ||||1| spa d | ||
| 100 | 1 |
_aBayerri y Bertomeu, Enrique. _926659 |
|
| 245 | 1 | 0 |
_aViaje literario bibliográfico Mariano por las Diócesis de España / _cEnrique Bayerri y Bertomeu. |
| 260 |
_aSantander : _bUniversidad Pontificia de Comillas, _c1968. |
||
| 300 |
_a361 p., 1 lám. ; _c24 cm. |
||
| 710 | 2 |
_aUniversidad Pontificia Comillas _9173007 |
|
| 852 |
_aES-MaACL _jC-45560 _bR.67760 |
||
| 999 |
_c30480 _d30480 |
||